| 000 | 01149nam a22003137a 4500 | ||
|---|---|---|---|
| 003 | EG-ScBUE | ||
| 005 | 20220306105252.0 | ||
| 008 | 220306s2022 ua o f 000 0bara d | ||
| 017 | _a2021 / 11696 | ||
| 020 | _a9789778574876 | ||
| 040 |
_aEG-ScBUE _bara _erda _cEG-ScBUE _dEG-ScBUE |
||
| 043 | _af-ua--- | ||
| 082 | 0 | 4 |
_222 _a791.430922 _bش ك و |
| 100 | 1 |
_aعبد الشكور، محمود، _eمؤلف. |
|
| 245 | 1 | 0 |
_aداوود عبد السيد : _bسيرة سينمائية / _cمحمود عبد الشكور. |
| 250 | _aالطبعة الثانية. | ||
| 264 | 1 |
_aالقاهرة : _bريشة للنشر والتوزيع، _c2022. |
|
| 300 |
_a307 صفحة : _bصور ؛ _c20 سم |
||
| 336 |
_2rdacontent _aنص _btxt |
||
| 337 |
_2rdamedia _aبدون وسيط _bn |
||
| 338 |
_2rdacarrier _aمجلد _bnc |
||
| 541 | _aBook Fair 2022. | ||
| 600 | 1 | 7 |
_aعبد السيد، داود، _d1946- _2BUEsh |
| 650 | 7 |
_aالمخرجون السينمائيون _zمصر _vتراجم. _2BUEsh |
|
| 650 | 7 |
_aالسينما _zمصر _vتراجم. _2BUEsh |
|
| 653 |
_bGGEN _cMarch2022 |
||
| 655 |
_vReading book _934232 |
||
| 942 | _2ddc | ||
| 999 |
_c29850 _d29821 |
||